[Event "Polanica Zdroj op-B 56th"]
[Site "Polanica Zdroj"]
[Date "2020.08.22"]
[Round "8"]
[White "Stopka, Tomasz"]
[Black "Chmielewski, Miroslaw"]
[Result "0-1"]
[WhiteElo "1379"]
[BlackElo "1577"]
[PlyCount "99"]
[EventDate "2020.08.15"]
[EventType "swiss"]
[EventRounds "9"]
[EventCountry "POL"]
[SourceTitle "CBM 198 Extra"]
[Source "ChessBase"]
[SourceDate "2020.11.30"]
[SourceVersion "1"]
[SourceVersionDate "2020.11.30"]
[SourceQuality "1"]

1. e4 b6 2. d4 Bb7 3. Nc3 e6 4. Bd3 g6 5. Nf3 Bg7 6. Be3 Ne7 7. Qd2 h6 8. h4 d6 9. 0-0-0 Nd7 10. Kb1 a6 11. Ne2 b5 12. Ng3 Nb6 13. b3 c6 14. Qe2 Qc7 15. Bf4 0-0-0 16. e5 d5 17. Bd2 Kb8 18. h5 g5 19. Ba5 Ka7 20. Rhe1 Rc8 21. Bb4 Rhe8 22. Qd2 Nd7 23. Bd6 Qb6 24. b4 Ka8 25. Qc3 Rcd8 26. Qa3 Nc8 27. Bc5 Qc7 28. Nd2 Nxc5 29. bxc5 a5 30. Ne2 Ba6 31. Qb2 Na7 32. Ka1 Rb8 33. Nc3 f6 34. Bg6 Re7 35. Nf3 g4 36. exf6 Bxf6 37. Ne5 Bxe5 38. Rxe5 Rf8 39. Rd2 Rf4 40. Nd1 b4 41. g3 Rf3 42. Ne3 Nb5 43. Nxg4 Ra3 44. Re3 Nc3 45. Qxa3 bxa3 46. Rxc3 Qb8 47. Rb3 Rb7 48. Ne5 Rxb3 49. axb3 Qb4 50. Nd3 0-1

[Event "Polanica Zdroj op-B 56th"]
[Site "Polanica Zdroj"]
[Date "2020.08.21"]
[Round "7"]
[White "Sobotka, Jan"]
[Black "Stopka, Tomasz"]
[Result "0-1"]
[WhiteElo "1636"]
[BlackElo "1379"]
[PlyCount "96"]
[EventDate "2020.08.15"]
[EventType "swiss"]
[EventRounds "9"]
[EventCountry "POL"]
[SourceTitle "CBM 198 Extra"]
[Source "ChessBase"]
[SourceDate "2020.11.30"]
[SourceVersion "1"]
[SourceVersionDate "2020.11.30"]
[SourceQuality "1"]

1. d4 e6 2. c4 c5 3. d5 exd5 4. cxd5 d6 5. Nc3 Nf6 6. e4 a6 7. a4 Qc7 8. Nf3 Be7 9. h3 Nbd7 10. Bd3 0-0 11. 0-0 b6 12. Bf4 Re8 13. Re1 Bf8 14. Bg5 Bb7 15. Nd2 h6 16. Bh4 Ne5 17. Bf1 g5 18. Bg3 Ng6 19. Bd3 Qd7 20. Nc4 Qd8 21. Ne3 Bc8 22. Qd2 Nh5 23. Bh2 Nhf4 24. Bf1 Ne5 25. Nf5 Nxh3+ 26. Kh1 Bxf5 27. exf5 Nf4 28. Bxf4 gxf4 29. Qxf4 Qg5 30. Qxg5+ hxg5 31. Ne4 Kg7 32. Nxg5 Be7 33. Ne4 Rh8+ 34. Kg1 Rag8 35. f4 Ng4 36. Be2 Ne3 37. Bd3 Nxf5 38. Nd2 Ng3 39. Kf2 Kf8 40. Ne4 Bh4 41. Kg1 Nf5 42. Re2 Bg3 43. Nxg3 Nxg3 44. Ree1 Rg4 45. Re3 Rh1+ 46. Kf2 Rxa1 47. Rxg3 Rxg3 48. Kxg3 Rxa4 0-1

[Event "Polanica Zdroj op-B 56th"]
[Site "Polanica Zdroj"]
[Date "2020.08.17"]
[Round "3"]
[White "Wasik, Jozef"]
[Black "Stopka, Tomasz"]
[Result "1-0"]
[WhiteElo "1646"]
[BlackElo "1379"]
[PlyCount "49"]
[EventDate "2020.08.15"]
[EventType "swiss"]
[EventRounds "9"]
[EventCountry "POL"]
[SourceTitle "CBM 198 Extra"]
[Source "ChessBase"]
[SourceDate "2020.11.30"]
[SourceVersion "1"]
[SourceVersionDate "2020.11.30"]
[SourceQuality "1"]

1. d4 e6 2. c4 c5 3. d5 exd5 4. cxd5 d6 5. Nc3 a6 6. a4 Bf5 7. e4 Bg6 8. Nf3 Nf6 9. Bd3 Nbd7 10. 0-0 Be7 11. Re1 Ng4 12. Nd2 Nge5 13. Be2 Bg5 14. g3 Bxd2 15. Bxd2 f5 16. f4 Nf7 17. exf5 Bxf5 18. Bd3+ Kf8 19. Bxf5 h5 20. Ne4 Rh6 21. Be6 Nf6 22. Bxf7 Kxf7 23. Ng5+ Kg8 24. Qe2 Nxd5 25. Qc4 1-0

[Event "Polanica Zdroj op-B 56th"]
[Site "Polanica Zdroj"]
[Date "2020.08.15"]
[Round "1"]
[White "Santura, Janusz"]
[Black "Stopka, Tomasz"]
[Result "0-1"]
[WhiteElo "1763"]
[BlackElo "1379"]
[PlyCount "38"]
[EventDate "2020.08.15"]
[EventType "swiss"]
[EventRounds "9"]
[EventCountry "POL"]
[SourceTitle "CBM 198 Extra"]
[Source "ChessBase"]
[SourceDate "2020.11.30"]
[SourceVersion "1"]
[SourceVersionDate "2020.11.30"]
[SourceQuality "1"]

1. d4 e6 2. Nf3 c5 3. c4 cxd4 4. Nxd4 a6 5. Nc3 Nf6 6. Bg5 Be7 7. e3 b6 8. Be2 Bb7 9. Bf3 Qc7 10. Qe2 Nc6 11. 0-0 Nxd4 12. exd4 Ng4 13. Bxg4 Bxg5 14. Rad1 Rc8 15. Nd5 Qxc4 16. Qxc4 Rxc4 17. Nxb6 Rc2 18. Na4 d6 19. f4 Rxg2+ 0-1